Music Artists by Song - Y - Statistics

General Stats
  • This quiz has been taken 43 times
    12 since last reset
  • The average score is 3 of 10
Answer Stats
Songs Artist % Correct
Owner of a Lonely Heart / Roundabout / Changes Yes
78%
Trance / Bad Bad Bad / Money On Money Young Thug
44%
Zombie / I Think I'm OKAY / parents YUNGBLUD
33%
C'est La Vie / Betty (Get Money) / oops! Yung Gravy
33%
Wild World / Father And Son / Morning Has Broken Yusuf / Cat Stevens
33%
For Your Love / Heart Full of Soul / The Train Kept A-Rollin' Yardbirds
22%
YKWIM? / japan / no way ! Yot Club
22%
blue / do you think you could love me? / wildflower yungkai
22%
Ocean Avenue / Only One / Breathing Yellowcard
11%
Trophies / BedRock / Steady Mobbin Young Money
11%
No matching quizzes found
Score Distribution
Percent of People with Each Score
Percentile by Number Answered
Your Score History
You have not taken this quiz since the last reset